000 00252nam a2200097Ia 4500
001 726169
005 20250826163423.0
008 250824s9999 xx 000 0 und d
245 0 _aTEK Mİ? ÇİFT Mİ?
_cANDREW CLEMENTS
260 _bGÜNIŞIĞI KİTAPLIĞI
999 _c726169
_d726169